000 00303nam a2200133Ia 4500
008 191201s2004 xx 000 0 und d
100 _aCUTNELL, John D
245 0 _aPhysics
250 _a5th
260 _aN.Delhi
_bJohn willey and Sons
_c2004
300 _a1002
650 _aApplied
942 _2ddc
_cBK
999 _c1942
_d1942